00479 2200193 4500001002100000005001500021035002000036007000300056008004100059020001800100082001000118084001600128100001700144245004800161260004100209856001700250990000900267990000900276INLIS00000000000080620220907074448 a0010-0922000087ta220907 g 0 ind  a9789792671650 a398.2 a398.2 ANN l0 aAnna Martina1 aLingkaran Ajaib untuk menghitung usia pohon aJakarta :bArmandelta Selaras,c2008 aKoleksi Umum a3658 a3659